000 00950nam a2200337 a 4500
003 AR-BaBNM
005 20251128203331.0
008 082120s2002 ||||||||||||||000 | spa||
040 _cAR-BaBNM
245 0 0 _aIndependencia y organización constitucional
260 _aBuenos Aires
_bJackson
_c1940
300 _a434 p.
_bil., láms.
490 0 _aHistoria de América
_vv. 7
504 _aBibliografía para consultar p. 427-434
600 1 4 _aMarti, José
600 1 4 _aMorazan, Francisco
650 4 _aCONSTITUCIONES
650 4 _aINDEPENDENCIA
650 4 _aHISTORIA LATINOAMERICANA
650 4 _aHISTORIA
650 4 _aGUERRAS DE LA INDEPENDENCIA
651 4 _aRepública Dominicana
651 4 _aCuba
700 1 _aZavala, Silvio A.
700 1 _aSoto Hall, Máximo
700 1 _aCarbonell, José Manuel
700 1 _aHenríquez Ureña, Pedro
800 1 _aLevene, Ricardo
_edirector
942 _cBK
998 _cMariana
999 _c2948
_d2948